[Event "Moscow Tal Memorial 4th"]
[Site "Moscow"]
[Date "2009.11.13"]
[Round "8"]
[White "Carlsen, Magnus"]
[Black "Ponomariov, Ruslan"]
[Result "1-0"]
[WhiteElo "2801"]
[BlackElo "2739"]
[Annotator "Ftacnik,L"]
[PlyCount "61"]
[EventDate "2009.11.05"]
[EventType "tourn"]
[EventRounds "9"]
[EventCountry "RUS"]
[EventCategory "21"]
[SourceTitle "CBM 133"]
[Source "ChessBase"]
[SourceDate "2009.11.19"]
[SourceVersion "1"]
[SourceVersionDate "2009.11.19"]
[SourceQuality "1"]

1. e4 c5 2. Nf3 d6 3. d4 cxd4 4. Nxd4 Nf6 5. Nc3 a6 6. Be3 e6 7. f3 b5 8. Qd2
Nbd7 9. g4 h6 10. O-O-O Ne5 $5 {The knight move is equally revolutionary as
Topalov's pet idea of 10...b5-b4. Black is moving the knight, that is already
developed and prepares real counterplay.} 11. Qe1 $146 {White has yet to find
an idea, that would put the daring concept of the opponent under pressure.
Carlsen comes with a new move, but it's merit might be modest.} (11. g5 hxg5
12. Bxg5 Bb7 13. Rg1 Qa5 14. a3 Rc8 15. Kb1 Rxc3 16. Qxc3 Qxc3 17. bxc3 Rxh2
18. Bf4 Rh5 19. Rg5 Rxg5 20. Bxg5 $11 {0-1 Motylev,A (2651)-Grischuk,A (2704)/
Moscow 2004 (34)}) (11. a3 Bb7 12. Kb1 (12. h4 Rc8 13. Rg1 Qa5 (13... g6 14. g5
hxg5 15. hxg5 Nfd7 16. f4 Nc4 17. Bxc4 Rxc4 18. f5 Nc5 19. fxe6 Nxe6 20. Nxe6
fxe6 21. Bd4 $16 {1-0 Bologan,V (2669)-Dobrov,V (2487)/chessassistantclub.com
INT 2004 (30)}) 14. g5 hxg5 15. hxg5 Nfd7 16. g6 Nxg6 17. Nxe6 fxe6 18. Rxg6
Kf7 19. Rg3 Nf6 20. Bd3 e5 21. Qf2 Rxc3 22. Bb6 Qa4 23. bxc3 Qxa3+ 24. Kd2 $11
{1/2-1/2 Shirov,A (2714)-Guliyev,N (2526)/Port Barcares 2005 (42)}) 12... Rc8
13. Be2 Nfd7 14. f4 Nc4 15. Bxc4 Rxc4 16. Rhe1 Be7 17. Bf2 O-O 18. h4 Nc5 19.
g5 h5 20. b3 Rxc3 21. Qxc3 Nxe4 22. Qe3 Qa5 $17 {0-1 Grischuk,A (2719)-Belov,V
(2543)/playchess.com INT 2004 (54)}) (11. Bd3 Bb7 12. Rhe1 (12. a3 d5 13. exd5
Nxd5 14. Nxd5 Bxd5 15. Bf4 Nxf3 16. Nxf3 Bxf3 17. Qe3 Bxh1 18. Be4 Bxe4 19.
Rxd8+ Rxd8 20. Qxe4 Rd5 $15 {0-1 Erenburg,S (2585)-Volokitin,A (2662)/Mainz
2006 (74)}) 12... b4 13. Nce2 d5 14. exd5 Nxd5 15. Kb1 Bc5 16. Bg1 Qb6 17. f4
Nxg4 18. Nxe6 fxe6 19. Bg6+ Kd7 20. Bxc5 Qxc5 21. Nd4 Kc8 $17 {0-1 Landa,K 
(2600)-Najer,E (2653)/Sochi 2006 (29)}) (11. f4 Nexg4 12. Bg1 b4 13. Na4 Nxe4
14. Qe1 d5 15. f5 Bd6 16. fxe6 Bxe6 17. Nb6 Qxb6 18. Nxe6 Qa5 19. Nxg7+ Kf8 $17
{1-0 Azarov,S (2544)-Najer,E (2608)/playchess.com INT 2004 (26)}) 11... Qc7 (
11... Bb7 12. a3 Qc7 $14) 12. h4 {Careful players would surely consider the
modest a3 idea, that complicates Black's counterplay for some time.} (12. a3
Bb7 $14) 12... b4 13. Nce2 (13. Na4 Qb7 14. b3 Bd7 $13) 13... Nc4 (13... d5 14.
Bf4 (14. g5 hxg5 15. exd5 Nxd5 16. Bxg5 Bb7 $11) 14... Bb7 15. Kb1 dxe4 16.
fxe4 Bd6 17. Rg1 Rd8 $15) 14. Nf4 (14. Bf2 e5 (14... d5 15. exd5 Nxd5 16. Ng3
$14) 15. Nf5 Bxf5 16. gxf5 a5 $13) 14... Nxe3 (14... e5 15. Nd5 Nxd5 16. exd5
exd4 17. Bxd4+ Be7 18. Bxg7 Rg8 19. Bxh6 $14) 15. Qxe3 Qb6 {Ponomariov has an
ambition of his own and the queen moves hopes to complicate opponent's life
with pressure along the dark squares.} (15... Bd7 16. Be2 e5 17. Nd5 Nxd5 18.
exd5 Be7 19. Nf5 Bxf5 20. gxf5 Bf6 $11) (15... Be7 16. Nd3 a5 17. Bh3 Nd7 18.
g5 $14) 16. Bc4 $1 Qc5 $2 {Your humble annotator is amazed by the level of
neglect both players will display when dealing with hidden issue of time.
Black is repeatedly playing with the queen in a situation, when his general
development could use some attention.} (16... e5 17. Bxf7+ Kxf7 18. Qb3+ Ke8
19. Ng6 exd4 (19... Rh7 20. Ne6 Be7 21. g5 $18) 20. Nxh8 Ra7 21. Ng6 $16) (
16... Be7 17. g5 $18) (16... Nd7 $1 17. Qe2 (17. Nfxe6 fxe6 18. Bxe6 Bb7 19.
Qb3 O-O-O $13) 17... Ne5 18. Bb3 Bd7 $14) 17. Qb3 $1 d5 (17... Ra7 18. Bxe6
fxe6 19. Nfxe6 Bxe6 20. Nxe6 Qb5 21. Nf4 $16) 18. exd5 Bd6 19. Nfxe6 $1 {
[%mdl 128] In higher sense an obvious move. Carlsen has to use his initiative
and the sacrifice of a piece for three pawns destroys the e6 stronghold in
Scheveningen/Najdorf Sicilian. What is more it creates a dangerous intruder of
his own on the same most critical square!} (19. Ndxe6 fxe6 20. Nd3 Qa5 21. dxe6
Bb7 $13) 19... fxe6 20. dxe6 Be7 (20... Kf8 21. Nf5 Be7 22. Nxe7 Qxe7 23. g5
Nh5 24. Qe3 $18) 21. Qd3 (21. Nf5 O-O (21... Bb7 22. Nxg7+ Kf8 23. Nf5 $18) 22.
Nxe7+ Qxe7 23. g5 Ne8 24. gxh6 Kh8 $16) 21... O-O 22. Bb3 $2 {The next moves
by both players are strange crimes against the logic of attack and defence.
White's advantage is based partly on the fact, that Black is badly behind in
mobilizing his pieces. Peaceful retreat of the bishop throws away the lion
share of the winning advantage!} (22. g5 $1 Nh5 (22... hxg5 23. hxg5 Qxg5+ 24.
Kb1 Nh5 25. Nc6 $18) 23. gxh6 Nf4 24. Qe4 Qxc4 25. hxg7 Rd8 26. Qxf4 Bxe6 27.
Qh6 Qxa2 28. Qh8+ Kf7 29. Qh7 Kf6 30. g8=N+ Rxg8 31. Rhe1 $18) 22... Rd8 $2 {
Ponomariov was probably programmed to be beaten badly on the given day. An
independent chess mind would otherwise surely concentrate on a developing move
with the bishop, that would more or less complete the development and nearly
equalize the chances.} (22... Bb7 $1 23. g5 (23. Nf5 Rad8 24. Qe2 (24. Qxd8 $2
Rxd8 25. Rxd8+ Kh7 26. Nxe7 Bxf3 $17) 24... Kh7 $11) 23... Nh5 24. gxh6 Nf4 25.
Qe3 gxh6 26. Rhg1+ Kh8 27. Rg4 Qc7 $11) 23. g5 $1 Nh7 (23... hxg5 24. Qg6 g4
25. Nf5 Rxd1+ 26. Rxd1 Bf8 27. e7+ Kh8 28. exf8=Q+ Qxf8 29. Rd8 $18) (23... Kh8
24. gxf6 Bxf6 25. Qf5 Qb6 26. Bd5 $18) 24. gxh6 Qh5 (24... Qxd4 25. Qxd4 Rxd4
26. Rxd4 gxh6 27. Rg1+ Kf8 28. Rf4+ $18) (24... gxh6 25. Rhg1+ Kh8 26. Qg6 Qe5
27. Nf5 Rxd1+ 28. Kxd1 Bb7 29. Nxe7 $18) 25. Qe4 $1 Qxh6+ 26. Kb1 Ra7 {The
pieces of the defender are badly scatered on the board with no common purpose.
The final execution of White's attack will be brutal and impressive.} (26...
Rxd4 27. Rxd4 Rb8 28. Qe5 Ra8 29. Qd5 Rb8 30. Qd8+ $1 Nf8 (30... Bxd8 31. Rxd8+
Nf8 32. e7+ $18) 31. Qxe7 $18) 27. Nf5 Rxd1+ 28. Rxd1 Qf6 29. Rd7 $1 {Chess
beauty on the highest level and a modern form of small combination!} Bxd7 30.
exd7+ Kf8 {The choice for the defender is not always so deeply rotten as in
this moment. At least both ways of going down have undeniable charm...} (30...
Kh8 31. Nxe7 Rxd7 32. Qa8+ Nf8 33. Qxf8+ $1 Qxf8 34. Ng6+ Kh7 35. Nxf8+ $18)
31. Qd5 1-0

[Event "Norway Chess 2nd"]
[Site "Stavanger"]
[Date "2014.06.05"]
[Round "3"]
[White "Svidler, Peter"]
[Black "Topalov, Veselin"]
[Result "1/2-1/2"]
[WhiteElo "2753"]
[BlackElo "2772"]
[Annotator "Ftacnik,L"]
[PlyCount "83"]
[EventDate "2014.06.03"]
[EventType "tourn"]
[EventRounds "9"]
[EventCountry "NOR"]
[EventCategory "21"]
[SourceTitle "CBM 161"]
[Source "ChessBase"]
[SourceDate "2014.07.16"]
[SourceVersion "1"]
[SourceVersionDate "2014.07.16"]
[SourceQuality "1"]

1. e4 c5 2. Nf3 d6 3. d4 cxd4 4. Nxd4 Nf6 5. Nc3 a6 6. Be3 e6 7. a4 Nc6 8. f4
d5 {Topalov comes up with a surprising choice of opening plan. The d-pawn
advance transforms the position into something more closely related to the
French Defence than the Sicilian. No other strong players have tried this idea,
it must have been a surprise for Svidler.} 9. e5 Nd7 10. Qg4 {The Russian star
is wanting to create problems for his opponent on the kingside, but the queen
is leaving the centre of the board.} (10. Qd2 Bb4 (10... Nxd4 11. Bxd4 Bc5 12.
Bxc5 Nxc5 13. Qd4 Nd7 14. Bd3 Qc7 15. O-O Qc5 16. Ne2 O-O 17. b4 Qxd4+ 18. Nxd4
Re8 19. Rfe1 b6 20. Kf2 f6 21. Re2 $11 {1-0 (47) Gietl,T (2230)-Wuensch,R 
(2040) Roethenbach 1996}) 11. Bd3 O-O 12. O-O Nc5 13. Qf2 Nxd3 14. cxd3 f6 15.
Nxc6 bxc6 16. Bc5 Bxc5 17. Qxc5 Rb8 18. b4 Qb6 19. Qxb6 Rxb6 20. Rab1 $14 {
1-0 (55) Ji,D (2226)-Liu,Q (2322) Wuxi 2005}) (10. Be2 Bc5 11. Nxc6 bxc6 12.
Bxc5 Nxc5 13. a5 O-O 14. Qd4 Nb7 15. b4 c5 16. bxc5 Nxa5 17. O-O Nc6 18. Qd3
Qe7 19. Qh3 Qxc5+ 20. Kh1 Ne7 $11 {1-0 (41) Koziol,K (1710)-Tynski,B (1509)
Mielno 2011}) 10... g6 (10... Nc5 11. a5 $1 h5 12. Qh3 Bd7 13. Be2 $14) 11.
O-O-O Bc5 (11... Bb4 12. Nce2 Qa5 13. Kb1 Qxa4 14. Qg5 $13) 12. Qg3 {Black has
all his pawns on light squares, so the white queen retreats to support the
dark squares in the centre.} Qb6 (12... Bxd4 13. Bxd4 Nxd4 14. Rxd4 Qb6 15. Qf2
Nb8 $11) 13. Qf2 Nxd4 14. Bxd4 Bxd4 15. Rxd4 {The remarkable choice of a
grandmaster as plain mortals would surely prefer the exchange of queens. The
subsequent middlegame position should be at least nominally more pleasant for
White as he has the better bishop.} (15. Qxd4 Qxd4 16. Rxd4 Nb8 17. Rd1 Nc6 18.
b3 Bd7 $11) 15... Nb8 16. h4 Bd7 (16... Nc6 17. Rd2 Qxf2 18. Rxf2 h5 19. b3 Bd7
$11) 17. Rd2 Qa5 {Both players are doing their best to keep the flame of the
fight blazing. Topalov is voluntarily sidesteping the easy line with exchange
of the queens.} (17... Qxf2 18. Rxf2 h5 19. b3 Nc6 $11) 18. h5 Rf8 19. hxg6
hxg6 20. Rh3 {White enjoys the better structure and development advantage, but
Black's position is not easy to get at and he does not have obvious weaknesses
apart from the f7-pawn.} (20. Kb1 Nc6 21. g4 O-O-O $11) 20... Nc6 21. b3 O-O-O
22. Ne2 {The knight is aiming for the d4-square, but Black will finally get a
chance to start some counterplay.} (22. Kb2 g5 23. fxg5 Nxe5 24. Re2 Qc7 $11)
22... f6 (22... g5 23. g3 f6 24. exf6 Rxf6 25. Bg2 $11) 23. exf6 (23. Rf3 $6
fxe5 24. fxe5 Qb4 25. Qe3 Qe4 $15) 23... Rxf6 24. Rf3 Rdf8 25. Nd4 Qc7 {
The pressure against the f4-pawn is neutralising all White's hopes for some
advantage. Black must remember that his pawns are still on the same colour of
squares as his bishop.} (25... Qb6 26. Kb2 Kc7 27. Rdd3 $11) 26. Nxc6 Bxc6 27.
Rd4 e5 {[%mdl 32] Simple and efficient play will activate the black queen with
good prospects of minimising White's winning chances.} (27... Qg7 28. Qe3 g5
29. fxg5 Rxf3 30. gxf3 e5 31. Rh4 e4 (31... d4 32. Qg1 Rg8 33. f4 exf4 34. Rxf4
Qxg5 35. Qxg5 Rxg5 36. Rxd4 $14) 32. Rf4 Rxf4 33. Bh3+ Bd7 34. Bxd7+ Kxd7 35.
Qxf4 exf3 36. Qxf3 Qxg5+ $11) 28. fxe5 Qxe5 (28... Rxf3 $5 29. gxf3 Qxe5 30. c3
g5 $11) 29. Be2 (29. Rxf6 $4 Rxf6 30. Qg1 Rxf1+ 31. Qxf1 Qxd4 $19) 29... g5 (
29... Rxf3 30. Bxf3 Kc7 31. Kb1 g5 32. Qd2 Rf4 33. Rxf4 gxf4 $11) 30. Qe3 Qxe3+
31. Rxe3 {Topalov has failed to exchange rooks on the f3-square so White still
sports a minimal advantage.} Rf4 (31... Kd7 32. Rg3 Rf4 33. Rd2 Rg8 34. Rgd3
$14) 32. Rxf4 (32. Rd2 d4 33. Re5 Bxg2 34. Rxg5 Bc6 $11) 32... Rxf4 (32... gxf4
33. Re7 d4 34. Bf3 Rf6 35. Kd2 $14) 33. Rg3 d4 34. Bf3 (34. Rxg5 Rf2 35. Kd2
Kc7 36. Rg4 a5 $14) 34... Bxf3 35. gxf3 Kd7 {Black has accepted, that the
extent of his dreams lies in a position which he can draw despite the absence
of the pawn.} 36. Kd2 (36. Rxg5 Rxf3 37. Rd5+ Kc6 38. Rxd4 b5 $11) 36... Kd6
37. Kd3 a5 (37... b5 38. axb5 axb5 39. Rxg5 Kc6 40. Rg4 Rxf3+ 41. Kxd4 Kb6 $11)
38. Kc4 (38. Rxg5 b6 39. Kc4 Rxf3 40. Rg6+ Kc7 41. Kxd4 Rf4+ 42. Kd3 $14) 38...
Kc6 39. Rxg5 Rxf3 40. Rc5+ {Svidler is not ready to pretend that he can win
the general rook endgame with 2 pawns against one on the same flank.} (40. Rxa5
Rc3+ 41. Kxd4 Rxc2 $14) 40... Kb6 41. Rb5+ Kc6 42. Rc5+ 1/2-1/2

[Event "Norway Chess 2nd"]
[Site "Stavanger"]
[Date "2014.06.10"]
[Round "7"]
[White "Caruana, Fabiano"]
[Black "Topalov, Veselin"]
[Result "1/2-1/2"]
[WhiteElo "2791"]
[BlackElo "2772"]
[Annotator "Ftacnik,L"]
[PlyCount "132"]
[EventDate "2014.06.03"]
[EventType "tourn"]
[EventRounds "9"]
[EventCountry "NOR"]
[EventCategory "21"]
[SourceTitle "CBM 161"]
[Source "ChessBase"]
[SourceDate "2014.07.16"]
[SourceVersion "1"]
[SourceVersionDate "2014.07.16"]
[SourceQuality "1"]

1. e4 c5 2. Nf3 d6 3. d4 cxd4 4. Nxd4 Nf6 5. Nc3 a6 6. f3 e6 7. Be3 b5 8. Qd2
b4 {Topalov is ready to defend his fascinating idea of an early b5-b4 in the
Sicilian Defence. The system is playable, but Black has to go to extremes to
prove that the pawn advance was not hopelessly premature.} 9. Na4 Nbd7 10.
O-O-O Qa5 11. b3 Bb7 12. a3 Qc7 13. axb4 d5 14. b5 {Caruana is well prepared
for the pet line of his dangerous opponent. White has to play well in order to
minimise the counterplay of Black's pieces in the centre.} (14. c4 dxe4 (14...
dxc4 15. bxc4 a5 16. Nb5 Qc6 17. bxa5 Be7 18. Qc3 $16) 15. f4 (15. Kb2 Be7 (
15... exf3 16. gxf3 (16. Nxf3 Bxf3 17. gxf3 Rb8 $17) 16... e5 17. Bh3 $1 (17.
Nf5 Bxf3 18. Bg2 Bxd1 19. Bxa8 Bg4 $17) 17... exd4 (17... Qd6 18. Rhe1 Qxb4 19.
c5 $16) 18. Bxd4 Be7 19. Rhe1 $40) (15... e5 16. Nf5 exf3 17. c5 Rb8 18. Rg1
$15) (15... g6 16. Be2 exf3 17. Bxf3 Bg7 18. Bh6 O-O 19. Bxg7 Kxg7 20. Rhe1 e5
21. Bxb7 Qxb7 22. Nc2 Rad8 $11 {0-1 (39) Grandelius,N (2366)-Palac,M (2587)
Schwarzach 2008}) 16. Be2 O-O 17. Bf4 (17. f4 Rfd8 18. Qe1 Rab8 $17) 17... e5
18. Bg3 g6 (18... exf3 $5 19. gxf3 Rfd8 20. Nf5 Bf8 21. Qg5 Kh8 $17) 19. Nc2
Rfd8 (19... a5 20. b5 Rfd8 21. Qe3 Rac8 (21... Nc5 22. b6 $15) 22. Rhf1 Nc5 $17
) 20. Qe3 Bc6 (20... a5 $5) 21. Nc3 $11 {1-0 (42) Motylev,A (2638)-Cheparinov,
I (2625) Wijk aan Zee 2006}) 15... Nd5 16. Nc2 Nxe3 17. Qxe3 Be7 18. Rxd7 Qxd7
19. Nb6 Qc7 20. Nxa8 Bxa8 21. Be2 O-O 22. Rd1 a5 23. bxa5 Qxa5 $15 {1-0 (32)
Ponomariov,R (2738)-Grischuk,A (2719) Sochi 2006}) (14. Kb1 dxe4 15. b5 Nd5 (
15... Be7 16. Bf4 (16. bxa6 Bxa6 17. Nb5 Qb7 18. Nac3 O-O 19. fxe4 Rfc8 20. e5
Nxe5 21. Qe1 Bxb5 22. Nxb5 Qa6 23. Na7 Qa3 $19 {0-1 (29) Stets,D (2468)-Smith,
A (2478) Fagernes 2012}) 16... Qc8 17. Bc4 axb5 18. Bxb5 O-O 19. Nxe6 fxe6 20.
Bxd7 Nxd7 21. Qxd7 $11 {1/2 (30) Szabo,K (2520)-Kulaots,K (2556) Budapest 2008}
) 16. fxe4 Bb4 17. Qf2 Nxe3 18. Qxe3 O-O 19. bxa6 Bxa6 20. Bxa6 Rxa6 21. Qd3
Rfa8 22. Nxe6 Qb8 $11 {1-0 (59) Serfling,R-Solodovnichenko,Y (2585) playchess.
com INT 2007}) 14... e5 $5 {The whole system is not for the fainthearted, but
the e-pawn advance maximises the conflict at the moment when White is better
developed. It is most likely, that in the days before computers could help
grandmasters the idea would have been considered to be too dangerous.} (14...
dxe4 15. b6 Ba3+ 16. Kb1 Qd6 17. Ka2 Qe7 18. c3 O-O 19. Nc2 Bc5 20. Nxc5 Nxc5
21. Qd6 Qxd6 22. Rxd6 Rfc8 23. b4 Na4 24. c4 exf3 25. gxf3 Bxf3 26. Rg1 Ne4 $2
(26... a5 27. b5 Ne8 $11) 27. Rd7 $18 {1/2 (59) Saric,I (2643)-Lahno,K (2554)
Germany 2011}) (14... Ba3+ 15. Kb1 O-O 16. Qc3 Qd6 17. bxa6 Bxa6 18. Qc6 Qxc6
19. Nxc6 dxe4 20. fxe4 Bb7 21. Bb5 Rfc8 22. Na7 Rc7 23. Bxd7 Rxd7 24. Rxd7 Nxd7
25. Rd1 Nf6 $11 {1/2 (52) Aroshidze,L (2490)-Nielsen,P (2640) Kalamaria 2006})
15. bxa6 (15. b6 Nxb6 16. Ne6 fxe6 17. Bxb6 Ba3+ 18. Kb1 Qe7 19. Ba5 Rb8 20.
Qc3 Bd6 21. Bd3 O-O 22. Rhe1 d4 23. Qd2 Nd7 24. Nb2 Nc5 $15 {0-1 (34) Brodsky,
M (2566)-Cheparinov,I (2632) Hoogeveen 2006}) 15... Bxa6 {Topalov's move is
technically speaking a novelty, but the recapture on d4 is just plain bad. It
is very likely, that both players had analysed this position before meeting
over the board.} (15... exd4 $2 16. Bf4 $1 Qc6 17. axb7 Rxa4 (17... Qxb7 18.
Qxd4 $16) 18. b8=Q+ Nxb8 19. bxa4 Ba3+ 20. Kb1 O-O 21. Bb5 Qb6 22. Qxd4 Bc5 23.
Qe5 $18 {1-0 (38) Wei,Y (2418)-Yilmaz,M (2543) Athens 2012}) 16. Nb5 Bxb5 17.
Bxb5 d4 18. Bxd4 $5 {[%mdl 4] Caruana is admitting that he has to bite the
bullet and try to punish Black for his risky play. The modest retreat with the
bishop would enable Topalov to finish his development and entertain promising
prospects on the queenside.} (18. Bg5 Ba3+ 19. Kb1 O-O 20. c4 Qd6 $15) 18...
exd4 19. Qxd4 Ra5 20. Qd3 Ba3+ 21. Kb1 Ke7 $1 {A brave move by any measure as
the ex-world champion demonstraties his excellent handling of risk. Castling
would have been safer, but White would have an easy time dealing with the
situation.} (21... O-O 22. Bxd7 Rd8 23. Qc3 Qxc3 24. Nxc3 Nxd7 25. Rd5 Rxd5 26.
Nxd5 $11) 22. Bxd7 (22. c4 Rb8 23. f4 Raxb5 24. cxb5 Qxf4 25. Rhf1 Qe5 $14)
22... Nxd7 23. Nc3 $2 (23. Qc3 Qxc3 24. Nxc3 Nb6 $15) 23... Ne5 $2 {This
moment in the battle is affecting both players in equal measure as they make
weak moves. Topalov was surely quite unhappy about his decision not to play
the brave move 23...Nb6! with better chances.} (23... Nb6 $1 24. Nb5 Qc5 25.
Nd4 Bb4 26. Nf5+ Kf6 27. c4 Rha8 28. Qd4+ Qxd4 29. Nxd4 Ra1+ 30. Kc2 R1a2+ 31.
Kd3 R8a3 $17) 24. Nd5+ (24. Qd2 Rb8 25. Nd5+ Rxd5 26. exd5 Bd6 27. Rhe1 Kf8 28.
Re4 Nc4 29. Qd3 $11) 24... Rxd5 25. Qxd5 Rc8 (25... Rd8 $2 26. Qxd8+ Qxd8 27.
Rxd8 Kxd8 28. c3 $16) 26. c4 Bc5 {The last mysterious moment when Black has
abstained from the tempting idea of attacking the b3-pawn. Most likely Black
was still hoping to organise a hunt against the white king loosely sitting on
b1.} (26... Rb8 $5 27. c5 Qxc5 28. Qxc5+ Bxc5 29. Rd5 Bd6 30. f4 Ng4 31. e5 Bc7
32. Rhd1 $11) 27. f4 Ng6 28. g3 Ke8 {It would have been useful to enter the
minds of great players, where one would surely find normal human emotions
defining other mortals. Black is probably feeling way too exposed with his
king on the e7-square.} (28... Qa7 29. Qd2 Ra8 30. Qb2 Kf8 $11) 29. Rd3 Ne7 30.
Qe5 {Caruana has worked his way up to the highest level even among the best
players. He must have judged the position to be somewhat risky for him so he
decided to simplify the matters into a middlegame/endgame without queens.} (30.
Qg5 Kf8 31. Rhd1 f6 32. Qg4 Qa5 33. Qe2 Ra8 34. Qb2 $11) 30... Qxe5 31. fxe5
Nc6 32. Rhd1 (32. Rd5 Nb4 33. Rd2 Be3 34. Rdd1 Ra8 35. Kb2 Bc5 36. Kc3 Na2+ 37.
Kb2 Nb4 $11) 32... Nxe5 33. Rd5 f6 {White has got a stable position with rook
and two pawns for two his opponent's two minor pieces. The great base for the
knight on e5 is helping to complicate his efforts to get the pawns rolling.}
34. Kb2 Ke7 35. Kc3 Bf2 36. Ra1 (36. g4 g5 37. h3 h5 38. gxh5 Rh8 $11) 36...
Rc7 (36... h5 37. Rb5 Rc7 $11) 37. Ra2 Be1+ 38. Kb2 (38. Kd4 $2 Nc6+ 39. Ke3
Nb4 $15) 38... Nc6 39. Ra1 Bb4 (39... Bf2 40. Rad1 Ne5 $11) 40. Ra8 Bd6 {
Objectively speaking the position is very close to a dynamic equilibrium, but
White still entertains some mild hopes for an initiative.} (40... h6 41. Rb5
Be1 $11) 41. Ra6 Be5+ 42. Ka3 Nb8 (42... Bc3 43. Rb5 Nd4 44. Rb8 Kf7 45. Rba8
Nc2+ 46. Ka4 Bd4 $11) 43. Raa5 (43. Rb6 Ra7+ 44. Kb4 Na6+ 45. Kb5 Nc7+ 46. Kc6
Nxd5 47. exd5 Rc7+ 48. Kb5 $11) 43... Nc6 44. Ra4 Nd4 45. Rda5 Bd6+ 46. Kb2 Be5
47. Ka3 Nc2+ (47... Bd6+ $11) 48. Ka2 Bd4 49. Rd5 Bc3 (49... Be5 50. c5 Rb7 $11
) 50. Kb1 Nb4 51. Rb5 Nc6 52. Rc5 Bd4 53. Rd5 Bg1 {Topalov loses his patience
with the repeated efforts of his opponent and thus he tries to force matters
with an attack on the pawns on the kingside.} 54. b4 Ne5 (54... Bxh2 55. b5 Rb7
56. Ka2 Nd8 57. c5 Rxb5 58. c6 Rxd5 59. exd5 Bxg3 60. Rg4 Bc7 61. Rxg7+ Nf7 $11
) 55. c5 Rb7 56. Kc2 (56. h3 Nc6 $15) 56... Bxh2 57. b5 Rxb5 58. Ra7+ {A
slight omission is making the defensive task easier for Black. It seems to be
more exciting to play 58.c6!? right away even though Black would have been
able to cope just fine.} (58. c6 $5 Rb8 59. Ra7+ Ke8 60. Rxg7 Nxc6 61. Rd6 Rb6
62. Kd2 Bg1 63. Rxf6 Bd4 64. Re6+ Kf8 65. Rxh7 Rb2+ $11) 58... Ke8 59. Rxg7 (
59. c6 Nxc6 60. Rxb5 Nd4+ 61. Kd3 Nxb5 62. Rxg7 $11) 59... Bg1 60. Rc7 (60. c6
Nxc6 61. Rxb5 Nd4+ 62. Kd3 Nxb5 63. Kc4 $11) 60... Rb4 {The elimination of the
majority of the pawns is not far away. The battle never left the territory of
approximate equality.} 61. c6 Bb6 62. Rxh7 (62. Rc8+ Ke7 63. c7 Rc4+ $17) 62...
Rxe4 63. Rh4 Rxh4 {Topalov has no reason to complicate his defensive tasks by
avoiding exchanges.} (63... Re2+ 64. Kd1 Rb2 65. Rh8+ Ke7 66. Rh7+ Ke6 67. Rc5
Rb3 68. c7 Bxc7 69. Rhxc7 Rxg3 $11) 64. gxh4 Nxc6 65. Rd6 Nb4+ 66. Kb3 Bc5 (
66... Bc5 67. Rxf6 Be7 68. Rf5 Nc6 69. Rf4 $11) 1/2-1/2